00985nam a2200193 a 450000100100000000500170001000800410002704000250006808200160009311100870010924500600019624600620025626000660031830000270038495201290041195201140054095201200065499900170077400002707120200930030602.0110329s2009 dr a r 000 0 spa d aDO-SdBNPbspacBNPHU axxxxbF418i2 aFestival Internacional de Teatron(6o. :d2009 jun. 17-24 :cSanto Domingo)95415110aVI Festival internacional de teatro Santo Domingo 2009.10aSexto Festival Internacional de Teatro Santo Domingo 2009 aSanto Domingo :bSecretaría de Estado de Cultura,c[2009?]. a65 p. :bil. ;c27 cm. 001054708DSaGRbGRcCTd2011-03-29iLF1l0oxxxx F418ip27071-30r2020-06-25te. 3w2020-06-25yLFDSZPréstamo en sala 0010718PDaPDbPDcHDd2011-03-29iLF1l0oxxxx F418ip27071-10r2020-06-25w2020-06-25yLFPDZNo se presta 0010718PDaPDbPDcCTd2011-03-29iLF1l0oxxxx F418ip27071-20r2020-06-25te. 2w2020-06-25yLFPDZNo se presta c26563d26563